00478 a2200169 450000100060000002000180000604000220002410000170004624000390006324500340010230000080013636200090014465000220015394200070017595201090018299900170029168141 a9788577533787 cAnchieta - Pituba aPick, Alison10aO trem que leva a esperançalpor10aO trem que leva a esperança a3220 a2018 4aRomance canadense cBK 00104070a91.1b91.1d2023-11-21l0o819 P594t PIC TREp23502/PITr2023-11-21 18:36:11w2023-11-21yBK c68141d68141